<?xml version="1.0" encoding="UTF-8"?>
<collection xmlns="http://www.loc.gov/MARC21/slim">
 <record>
  <leader>03488nam a2200313 a 4500</leader>
  <controlfield tag="001">1/49353</controlfield>
  <controlfield tag="008">200513s2018    gr       b    00010dgre  </controlfield>
  <datafield tag="020" ind1=" " ind2=" ">
   <subfield code="a">9786185242275</subfield>
  </datafield>
  <datafield tag="035" ind1=" " ind2=" ">
   <subfield code="l">52354</subfield>
  </datafield>
  <datafield tag="040" ind1=" " ind2=" ">
   <subfield code="a">GR-PeUP</subfield>
  </datafield>
  <datafield tag="082" ind1="0" ind2="0">
   <subfield code="a">363.7 ΔΙΕ</subfield>
  </datafield>
  <datafield tag="245" ind1="0" ind2="0">
   <subfield code="a">Διεθνής περιβαλλοντική πολιτική /</subfield>
   <subfield code="c">επιμέλεια Ευάγγελος Μανωλάς, Στυλιανός Ταμπάκης.</subfield>
  </datafield>
  <datafield tag="260" ind1="0" ind2=" ">
   <subfield code="a">Αθήνα :</subfield>
   <subfield code="b">Δίσιγμα,</subfield>
   <subfield code="c">c2018.</subfield>
  </datafield>
  <datafield tag="300" ind1=" " ind2=" ">
   <subfield code="a">iv, 168 σ. :</subfield>
   <subfield code="b">εικ. ;</subfield>
   <subfield code="c">24 εκ.</subfield>
  </datafield>
  <datafield tag="500" ind1=" " ind2=" ">
   <subfield code="a">Περιεχόμενα: Κεφάλαιο 1. Ο ρόλος των διακυβερνητικών οργανισμών στην προστασία του περιβάλλοντος: το διεθνές νομισματικό ταμείο και η παγκόσμια τράπεζα / Κωνσταντίνος Γ. Κούγιας -- Κεφάλαιο 2. Διεξάγοντας διαπραγματεύσεις για τη σύναψη διεθνών περιβαλλοντικών συμφωνιών: ο ρόλος των μη- κυβερνητικών περιβαλλοντικών οργανώσεων / Ιωσήφ Μποτετζάγιας -- Κεφάλαιο 3. Εμπόριο, περιβάλλον και διεθνής πολιτική / Χρήστος Δ. Καρελάκης -- Κεφάλαιο 4. Φύλο και διεθνής περιβαλλοντική πολιτική / Ιωάννα Κωσταρέλλα -- Κεφάλαιο 5. Το ζήτημα της περιβαλλοντικής μετανάστευσης τον 21ο αιώνα / Πασχαλίνα Σίσκου -- Κεφάλαιο 6. Περιβαλλοντική δικαιοσύνη: αντίδοτο στον περιβαλλοντικό ρατσισμό, ταξισμό και σεξισμό / -- Κεφάλαιο 7. Σπανιότητα περιβαλλοντικών πόρων και παγκόσμια ασφάλεια / Αναστάσιος Ι. Παπανικολάου -- Κεφάλαιο 8. Ανανεώσιμες πηγές ενέργειας: παγκόσμιες προκλήσεις / Γεώργιος Τσαντόπουλος και Φωτεινή Μπαντούδη -- Κεφάλαιο 9. Η τραγωδία των κοινών: η παγκόσμια προοπτική / Ιωάννης Ε. Νικολάου.</subfield>
  </datafield>
  <datafield tag="504" ind1=" " ind2=" ">
   <subfield code="a">Περιλαμβάνει βιβλιογραφικές παραπομπές.</subfield>
  </datafield>
  <datafield tag="650" ind1=" " ind2="4">
   <subfield code="a">Environmental management.</subfield>
  </datafield>
  <datafield tag="650" ind1=" " ind2="4">
   <subfield code="a">Environmental protection.</subfield>
  </datafield>
  <datafield tag="650" ind1=" " ind2="4">
   <subfield code="a">Environmental policy.</subfield>
  </datafield>
  <datafield tag="650" ind1=" " ind2="4">
   <subfield code="a">Περιβαλλοντική πολιτική.</subfield>
  </datafield>
  <datafield tag="650" ind1=" " ind2="4">
   <subfield code="a">Περιβάλλον</subfield>
   <subfield code="x">Προστασία.</subfield>
  </datafield>
  <datafield tag="650" ind1=" " ind2="4">
   <subfield code="a">Περιβαλλοντική δικαιοσύνη.</subfield>
  </datafield>
  <datafield tag="700" ind1="1" ind2=" ">
   <subfield code="a">Μανωλάς, Ευάγγελος Ι.,</subfield>
   <subfield code="d">1961-</subfield>
  </datafield>
  <datafield tag="700" ind1="1" ind2=" ">
   <subfield code="a">Ταμπάκης, Στυλιανός Α.</subfield>
  </datafield>
  <datafield tag="852" ind1=" " ind2=" ">
   <subfield code="a">INST</subfield>
   <subfield code="b">UNIPILB</subfield>
   <subfield code="c">MAIN</subfield>
   <subfield code="e">20200513</subfield>
   <subfield code="h">363.7 ΔΙΕ</subfield>
   <subfield code="p">00182807</subfield>
   <subfield code="q">00182807</subfield>
   <subfield code="t">CLOCOL</subfield>
   <subfield code="y">0</subfield>
   <subfield code="4">1</subfield>
  </datafield>
  <datafield tag="852" ind1=" " ind2=" ">
   <subfield code="a">INST</subfield>
   <subfield code="b">UNIPILB</subfield>
   <subfield code="c">MAIN</subfield>
   <subfield code="e">20200513</subfield>
   <subfield code="h">363.7 ΔΙΕ</subfield>
   <subfield code="p">00182808</subfield>
   <subfield code="q">00182808</subfield>
   <subfield code="t">CLOCOL</subfield>
   <subfield code="y">0</subfield>
   <subfield code="4">2</subfield>
  </datafield>
  <datafield tag="852" ind1=" " ind2=" ">
   <subfield code="a">INST</subfield>
   <subfield code="b">UNIPILB</subfield>
   <subfield code="c">MAIN</subfield>
   <subfield code="e">20200513</subfield>
   <subfield code="h">363.7 ΔΙΕ</subfield>
   <subfield code="p">00182809</subfield>
   <subfield code="q">00182809</subfield>
   <subfield code="t">CLOCOL</subfield>
   <subfield code="y">0</subfield>
   <subfield code="4">3</subfield>
  </datafield>
  <datafield tag="852" ind1=" " ind2=" ">
   <subfield code="a">INST</subfield>
   <subfield code="b">UNIPILB</subfield>
   <subfield code="c">MAIN</subfield>
   <subfield code="e">20200513</subfield>
   <subfield code="h">363.7 ΔΙΕ</subfield>
   <subfield code="p">00182810</subfield>
   <subfield code="q">00182810</subfield>
   <subfield code="t">CLOCOL</subfield>
   <subfield code="y">0</subfield>
   <subfield code="4">4</subfield>
  </datafield>
  <datafield tag="852" ind1=" " ind2=" ">
   <subfield code="a">INST</subfield>
   <subfield code="b">UNIPILB</subfield>
   <subfield code="c">MAIN</subfield>
   <subfield code="e">20200513</subfield>
   <subfield code="h">363.7 ΔΙΕ</subfield>
   <subfield code="p">00182811</subfield>
   <subfield code="q">00182811</subfield>
   <subfield code="t">CLOCOL</subfield>
   <subfield code="y">23</subfield>
   <subfield code="4">5</subfield>
  </datafield>
 </record>
</collection>
